Los delitos sexuales: manual de investigación pericial para médicos y abogados (Registro nro. 1827)

Detalles MARC
000 -Cabecera
Campo de control de longitud fija 01176aam a2200433 4500
005 - Fecha y hora de la última transacción
Campo de control 20260313165807.0
008 - Elementos de longitud fija--Información general
Campo de control de longitud fija 150716b2002 xxu||||| |||| 00| 0 spa d
020 ## - International Standard Book Number
Número Internacional Estándar del Libro (ISBN) 9682464501
041 ## - Idioma
Código de idioma Español
082 ## - Clasificación Decimal Dewey
Número de clasificación 364.153 L563d
100 ## - Entrada principal--Autor personal
Nombre personal Lencioni, Leo Julio
9 (RLIN) 14440
245 ## - Título propiamente dicho
Título Los delitos sexuales: manual de investigación pericial para médicos y abogados
260 ## - Pie de imprenta
Lugar de publicación, distribución, etc. México
260 ## - Pie de imprenta
Nombre del editor, distribuidor, etc. Trillas
260 ## - Pie de imprenta
Fecha de publicación, distribución, etc. 2002
300 ## - Descripción física
Extensión 237 páginas
490 ## - Serie
Título de la Serie Investigación Criminal
650 ## - Materia general
Temática (materia general) COSTA RICA
650 ## - Materia general
Temática (materia general) LEGISLACIÓN
650 ## - Materia general
Temática (materia general) DELITOS SEXUALES
650 ## - Materia general
Temática (materia general) LEGISLACIÓN Y EPIDEMIOLOGÍA
650 ## - Materia general
Temática (materia general) VIOLACIÓN
650 ## - Materia general
Temática (materia general) EXAMEN DE VICTIMA
650 ## - Materia general
Temática (materia general) EXAMEN DEL AGRESOR
650 ## - Materia general
Temática (materia general) INTERROGATORIO
650 ## - Materia general
Temática (materia general) EXAMEN DE LA VESTIMENTA
650 ## - Materia general
Temática (materia general) EXAMEN FISICO
650 ## - Materia general
Temática (materia general) EXAMEN GENITAL
650 ## - Materia general
Temática (materia general) EXAMEN DEL HIMEN
650 ## - Materia general
Temática (materia general) EXAMEN ANAL
650 ## - Materia general
Temática (materia general) EXAMEN ORAL
650 ## - Materia general
Temática (materia general) DELITOS SEXUALES
650 ## - Materia general
Temática (materia general) PSICOPATOLOGÍA FORENSE
650 ## - Materia general
Temática (materia general) ENFERMEDADES DE TRANSMISIÓN SEXUAL
650 ## - Materia general
Temática (materia general) EMBARAZO
650 ## - Materia general
Temática (materia general) MUERTE
650 ## - Materia general
Temática (materia general) LABORATORIO CLINICO
942 ## - Punto de acceso adicional KOHA
Tipo de ítem KOHA Libro
Fuente del sistema de clasificación o colocación Dewey Decimal Classification
Existencias
Signatura completa Código de barras Programa Académico Tipo de ítem
364.153 L563d 11144 Investigación Criminal Libro